The accountability of armed groups under human rights law / Katharine Fortin. (Record no. 7499)
[ view plain ]
| 000 -LEADER | |
|---|---|
| fixed length control field | 03628cam a2200385 i 4500 |
| 001 - CONTROL NUMBER | |
| control field | 19668998 |
| 005 - DATE AND TIME OF LATEST TRANSACTION | |
| control field | 20250520141011.0 |
| 008 - FIXED-LENGTH DATA ELEMENTS--GENERAL INFORMATION | |
| fixed length control field | 170526s2017 enk b 001 0 eng |
| 010 ## - LIBRARY OF CONGRESS CONTROL NUMBER | |
| LC control number | 2017943901 |
| 020 ## - INTERNATIONAL STANDARD BOOK NUMBER | |
| International Standard Book Number | 9780198808381 (hbk) |
| 020 ## - INTERNATIONAL STANDARD BOOK NUMBER | |
| International Standard Book Number | 0198808380 (hbk) |
| 040 ## - CATALOGING SOURCE | |
| Original cataloging agency | DLC |
| Language of cataloging | eng |
| Description conventions | rda |
| Transcribing agency | DLC |
| 042 ## - AUTHENTICATION CODE | |
| Authentication code | pcc |
| 050 00 - LIBRARY OF CONGRESS CALL NUMBER | |
| Classification number | K935 |
| Item number | .F67 2017 |
| 082 04 - DEWEY DECIMAL CLASSIFICATION NUMBER | |
| Classification number | 342.085 |
| Edition number | 23 |
| 100 1# - MAIN ENTRY--PERSONAL NAME | |
| Personal name | Fortin, Katharine, |
| Relator term | author. |
| 245 14 - TITLE STATEMENT | |
| Title | The accountability of armed groups under human rights law / Katharine Fortin. |
| 250 ## - EDITION STATEMENT | |
| Edition statement | First edition. |
| 264 #1 - | |
| -- | Oxford, United Kingdom : |
| -- | Oxford University Press |
| -- | 2017. |
| 300 ## - PHYSICAL DESCRIPTION | |
| Extent | xxxii, 430 pages ; |
| Dimensions | 24 cm. |
| 336 ## - | |
| -- | text |
| -- | txt |
| -- | rdacontent |
| 337 ## - | |
| -- | unmediated |
| -- | n |
| -- | rdamedia |
| 338 ## - | |
| -- | volume |
| -- | nc |
| -- | rdacarrier |
| 504 ## - BIBLIOGRAPHY, ETC. NOTE | |
| Bibliography, etc | Includes bibliographical references (pages 395-419) and index. |
| 505 0# - FORMATTED CONTENTS NOTE | |
| Miscellaneous information | I. |
| Title | Introduction -- 1. Introduction -- 2. Added value of application of international human rights law to armed groups -- |
| Miscellaneous information | II. |
| Title | Legal Personality of Armed Groups Under Human Rights Law -- 3. Evaluative framework : legal personality under international law -- 4. The law of belligerency and insurgency, and international legal personality -- 5. International humanitarian law and international legal personality -- 6. International legal personality of armed groups under human rights law -- |
| Miscellaneous information | III. |
| Title | How and when are Armed Groups Bound by Human Rights Law? -- 7. How are armed groups bound by international humanitarian law? -- 8. Armed groups and treaty law -- 9. Control of territory and human rights obligations of armed groups -- 10. Armed groups and crimes against humanity -- 11. Armed groups and customary international human rights law -- |
| Miscellaneous information | IV. |
| Title | Conclusions -- 12. Conclusions. |
| 520 ## - SUMMARY, ETC. | |
| Summary, etc | "This book addresses the debate on this topic by employing a theoretical, historical, and comparative analysis that spans international humanitarian law, international criminal law, and international human rights law. Embedding these different perspectives in public international law, this book brings several key points of clarification to the legal framework. Firstly, the book draws upon social science literature on armed conflict to present a new viewpoint on the role that human rights law plays vis-a-vis international humanitarian law in non-international armed conflicts. Secondly, the book sheds light on the circumstances in which armed groups acquire obligations under human rights law. It brings illumination to these topics by combining historical and comparative research on belligerency, insurgency, and international humanitarian law with a theoretical analysis of legal personality under international law. In the final part of the book, the author tests the four most utilised theories of how armed groups are bound by human rights law, examining whether armed groups can be bound by virtue of (i) treaty law (ii) control of territory (iii) international criminal law and (iv) customary international law. In the book's conclusions, the author presents final remarks that are designed to provide concrete guidance on how the issue of armed groups and human rights law can be dealt with more thoroughly in practice" -- |
| -- | Provided by publisher. |
| 650 #0 - SUBJECT ADDED ENTRY--TOPICAL TERM | |
| Topical term or geographic name as entry element | Liability for human rights violations. |
| 650 #0 - SUBJECT ADDED ENTRY--TOPICAL TERM | |
| Topical term or geographic name as entry element | Non-state actors (International relations) |
| 650 #0 - SUBJECT ADDED ENTRY--TOPICAL TERM | |
| Topical term or geographic name as entry element | Human rights. |
| 650 #0 - SUBJECT ADDED ENTRY--TOPICAL TERM | |
| Topical term or geographic name as entry element | War crimes (International law) |
| 906 ## - LOCAL DATA ELEMENT F, LDF (RLIN) | |
| a | 7 |
| b | cbc |
| c | orignew |
| d | 2 |
| e | epcn |
| f | 20 |
| g | y-gencatlg |
| 925 0# - | |
| -- | acquire |
| -- | 1 shelf copy |
| -- | policy default |
No items available.
